000 00510nmm a2200157Ia 4500
008 251105s9999||||xx |||||||||||||||||und||
020 _a9789587844276
041 _aspa
100 _aGómez Rincón, Carlos Miguel
245 0 _aRacionalidad y trascendencia: Investigaciones en epistemología de la religión
264 _a[Bogotá, Colombia] :
_bUniversidad del Rosario,
_c2020
300 _a345 páginas
650 _aReligion(s)
856 _uhttps://public.digitaliapublishing.com/a/68123
942 _cCF
999 _c96422
_d96422